000 00305nam a22001337a 4500
008 181016b xxu||||| |||| 00| 0 eng d
020 _a9781560007371
041 _aeng
080 _a371
100 _a46
101 _aEDU
245 _aUniversities American, English, German
_cKerr,C
942 _2udc
_cBK
999 _c49834
_d49834